000 00920 a2200265 4500
999 _c8422
_d8422
020 _a9781446201794
020 _a1446201791
020 _a1446201805
020 _a9781446201800
050 0 0 _aRC489 EDW 2014
100 1 _aEdwards, David G.,
_d1954-
_eauthor.
245 1 0 _aArt therapy /
_cDavid Edwards.
250 _a2nd edition.
264 1 _aLondon ;
_aThousand Oaks, Calif. :
_bSAGE,
_c2014
300 _a189 pages :
_billustrations ;
500 _aIncludes bibliographical references (pages 164-186) and index.
504 _aIncludes bibliographical references (pages 164-186) and index.
650 0 _aArt therapy.
650 0 _aArts
_xTherapeutic use.
650 2 _aArt Therapy.
650 7 _aArt therapy.
650 7 _aArts
_xTherapeutic use.
942 _2lcc
_cBK
_h489
_iEDW
_kRC